| 000 | 00556nam a2200169Ia 4500 | ||
|---|---|---|---|
| 001 | 15417 | ||
| 003 | GE_BSU | ||
| 008 | 181216s||||||||xx |||||||||||||| ||und|| | ||
| 040 | _cGE_BSU | ||
| 100 | _aჩარკვიანი,ჯანსუღ | ||
| 245 | _aგრძელი დერეფანი. | ||
| 245 | _bლექსები | ||
| 245 | _cრედ.ვ.ჯავახაძე. მხატვ. ი.უთურაშვილი | ||
| 653 | _aგრძელი დერეფანი. | ||
| 653 | _aლექსები | ||
| 942 | _cBK | ||
| 999 |
_c48520 _d48520 |
||